| 000 | 00559nam a2200193Ia 4500 | ||
|---|---|---|---|
| 005 | 20250326140859.0 | ||
| 008 | 250326s9999 xx 000 0 und d | ||
| 020 | _a0 19 564156 6 | ||
| 037 | _aTextbook | ||
| 040 |
_aFMSL _beng _cFMSL |
||
| 041 |
_aeng _2eng |
||
| 084 |
_aSM95v N7 _qFMSL |
||
| 100 |
_aRoth M S _9743267 |
||
| 245 | 0 |
_aPsycho-analysis as history: Negatior and freedom in freud _cRoth M S |
|
| 260 |
_aOxford _bOxford, Oxford university press _c1997 |
||
| 300 | _a204p | ||
| 942 |
_cTB _hSM95v N7 |
||
| 999 |
_c1287711 _d1287711 |
||